000 00385nam a2200157Ia 4500
008 230524s9999 xx 000 0 und d
082 _a530
_bLIM
100 _aLimyung-Kuo
245 0 _aProblems and Solutions on Quntum Mechanics
250 _a1ST
260 _aCALCUTTA
_bSarat Book
_c2001
300 _aIX;751
500 _aQuantity Number: 2
650 _aPhysics
942 _cBK
999 _c21397
_d21397